• 首页
  • 本馆介绍
  • 公告通知
  • 最新文献
  • 馆藏检索
  • 电子资源
  • 读者导购
  • 参考咨询
  • 我的图书馆
  • 登录
  • 详细信息显示
  • 放入我的书架
  • 随书关联资源信息
  • 预约/预借图书
  • 作者相关作品
  • 分类相关作品
  • 丛书相关作品
  • 出版社相关作品

书目信息

  • 表格格式
  • 工作单格式
  • 卡片格式
题名:
笑话英语通
    
 
作者: 博施 编著
分册:  
出版信息: 上海   上海交通大学出版社  2006
页数: 221页
开本: 20cm
丛书名:
单 册:
中图分类: H319.4 , I17
科图分类:
主题词: 英语--笑话--语言读物 , 英语 , 笑话
电子资源:
ISBN: 7-313-04429-1
000 00952nam0 2200289 450
001 012007519435
005 20070515151050.67
010    @a7-313-04429-1@dCNY20.00
100    @a20070427d2006 km y0chiy0120 ea
101 0  @achi@aeng
102    @aCN@b310000
105    @ay z 000yy
106    @ar
200 1  @a笑话英语通@Axiao hua ying yu tong@fRobert Van den Bosch编著@FRobert Van den Bosch bian zhu
210    @a上海@c上海交通大学出版社@d2006
215    @a221页@d20cm@eCD1片
300    @a本书由(台湾)常春藤有声出版有限公司授权
307    @a附光盘ISRC:CN-R05-06-0025-0
330    @a本书搜集各类笑话,每篇笑话均以隽永生动的英文撰写。读者可以将本书当成背诵模板,在适当的场合讲述,练就流利的英语口语能力。
606 0  @a英语@x笑话@j语言读物
606 0  @a英语
606 0  @a笑话
690    @aH319.4@v4
690    @aI17@v4
701  1 @a博施@Abo shi@g(Bosch, Robert Van den)@4编著
801  0 @aCN@bRULIN@c20070515
905    @dH319.4@e1191@s8
    
    笑话英语通/Robert Van den Bosch编著.-上海:上海交通大学出版社,2006
    221页;20cm+CD1片
    本书由(台湾)常春藤有声出版有限公司授权
    
    ISBN 7-313-04429-1:CNY20.00
    本书搜集各类笑话,每篇笑话均以隽永生动的英文撰写。读者可以将本书当成背诵模板,在适当的场合讲述,练就流利的英语口语能力。
●
相关链接 在E读中查询图书 在五车中查询图书 在当当中查询图书 在豆瓣中查询图书


正题名:笑话英语通     索取号:H319.4/1191         预约/预借

序号 登录号 条形码 馆藏地/架位号 状态 备注
1 0573366   205733660   第二样本阅览室/ [索取号:H319.4/1191] 在馆    
2 0573367   205733679   第四借阅区/ [索取号:H319.4/1191] 在馆    
3 0573368   205733688   第四借阅区/ [索取号:H319.4/1191] 在馆    
4 0573369   205733697   第四借阅区/ [索取号:H319.4/1191] 在馆    
5 0573370   205733704   第四借阅区/ [索取号:H319.4/1191] 在馆    
6 0573371   205733713   第四借阅区/ [索取号:H319.4/1191] 在馆    
7 0573372   205733722   第四借阅区/ [索取号:H319.4/1191] 在馆    
8 0573373   205733731   第四借阅区/ [索取号:H319.4/1191] 在馆    

本书有关联资源:

1 .光盘  /RAR  :笑话英语通 /Robert Van den Bosch编著 下载
唐山师范学院图书馆 欢迎您!
大连网信软件有限公司© 版权所有